Fundamentals of Machine Elements (Record no. 320065)
[ view plain ]
| 000 -LEADER | |
|---|---|
| fixed length control field | 00207 a2200097 4500 |
| 001 - CONTROL NUMBER | |
| control field | 84992 |
| 090 ## - LOCALLY ASSIGNED LC-TYPE CALL NUMBER (OCLC); LOCAL CALL NUMBER (RLIN) | |
| -- | 40084 |
| -- | 40083 |
| 100 ## - MAIN ENTRY--PERSONAL NAME | |
| Personal name | Jacobson,B.O |
| 245 ## - TITLE STATEMENT | |
| Title | Fundamentals of Machine Elements |
| 260 ## - PUBLICATION, DISTRIBUTION, ETC. | |
| Name of publisher, distributor, etc. | McGraw hill HE |
| 942 ## - ADDED ENTRY ELEMENTS (KOHA) | |
| Institution code [OBSOLETE] | NUST-CAE |
| Withdrawn status | Lost status | Damaged status | Not for loan | Collection code | Permanent Location | Current Location | Date acquired | Total Checkouts | Barcode | Date last seen | Price effective from | Koha item type |
|---|---|---|---|---|---|---|---|---|---|---|---|---|
| College of Aeronautical Engineering (CAE) | College of Aeronautical Engineering (CAE) | 04/03/2017 | CAEN-3098 | 04/05/2017 | 04/05/2017 | Book |
